<?xml version="1.0" encoding="UTF-8"?><?xml-stylesheet type="text/xsl" href="static/style.xsl"?><OAI-PMH xmlns="http://www.openarchives.org/OAI/2.0/" xmlns:xsi="http://www.w3.org/2001/XMLSchema-instance" xsi:schemaLocation="http://www.openarchives.org/OAI/2.0/ http://www.openarchives.org/OAI/2.0/OAI-PMH.xsd"><responseDate>2026-04-13T12:21:02Z</responseDate><request verb="GetRecord" identifier="oai:www.recercat.cat:2117/424539" metadataPrefix="marc">https://recercat.cat/oai/request</request><GetRecord><record><header><identifier>oai:recercat.cat:2117/424539</identifier><datestamp>2025-07-22T16:37:41Z</datestamp><setSpec>com_2072_1033</setSpec><setSpec>col_2072_452951</setSpec></header><metadata><record xmlns="http://www.loc.gov/MARC21/slim" xmlns:dcterms="http://purl.org/dc/terms/" xmlns:xsi="http://www.w3.org/2001/XMLSchema-instance" xmlns:doc="http://www.lyncode.com/xoai" xsi:schemaLocation="http://www.loc.gov/MARC21/slim http://www.loc.gov/standards/marcxml/schema/MARC21slim.xsd">
   <leader>00925njm 22002777a 4500</leader>
   <datafield ind2=" " ind1=" " tag="042">
      <subfield code="a">dc</subfield>
   </datafield>
   <datafield ind2=" " ind1=" " tag="720">
      <subfield code="a">Raïch Panisello, Roc</subfield>
      <subfield code="e">author</subfield>
   </datafield>
   <datafield ind2=" " ind1=" " tag="260">
      <subfield code="c">2024-10-24</subfield>
   </datafield>
   <datafield ind2=" " ind1=" " tag="520">
      <subfield code="a">El treball analitza l’evolució de l’onatge a la costa catalana i el golf de València com a proxy de la variabilitat climàtica. L’estudi es basa en tres índexs climàtics: l’índex d’Oscil·lació Mediterrània (MOI), l’índex d’Oscil·lació Mediterrània Occidental (WeMOI) i l’índex d’Oscil·lació del Sàhara (SaOI), relacionant-los amb dades d’onatge extretes de boies situades a Palamós, Tarragona i València. Mitjançant tècniques estadístiques, com poden ser la prova de Mann Kendall i l’anàlisi espectral, s’ha avaluat la tendència i la correlació entre els índexs climàtics i l’onatge per determinar si es pot utilitzar aquest últim com a proxy de la variabilitat climàtica.</subfield>
   </datafield>
   <datafield ind2=" " ind1=" " tag="520">
      <subfield code="a">El trabajo analiza la evolución del oleaje a la costa catalana y el golfo de Valencia como proxy de la variabilidad climática. El estudio se basa en tres índices climáticos: el índice de Oscilación Mediterráneo (MOI), el índice de Oscilación Mediterráneo Occidental (WeMOI) y el índice de Oscilación del Sáhara (SaOI), relacionándolos con datos de oleaje extraídas de boyas situadas en Palamós, Tarragona y Valencia. Mediante técnicas estadísticas, como pueden ser la prueba de Mann Kendall y el análisis espectral, se ha evaluado la tendencia y la correlación entre los índices climáticos y el oleaje para determinar si se puede utilizar este último como proxy de la variabilidad climática.</subfield>
   </datafield>
   <datafield ind2=" " ind1=" " tag="520">
      <subfield code="a">The study analyses the evolution of waves on the Catalan coast and the Gulf of Valencia as a proxy of climate variability. The study is based on three climate indices: the Mediterranean oscillation index (MOI), the Western Mediterranean oscillation index (WeMOI) and the Sahara oscillation index (SaOI), relating them to wave data extracted from buoys located in Palamós, Tarragona and Valencia. Using statistical techniques, such as the Mann-Kendall test and spectral analysis, the trend and correlation between climate indices and waves has been evaluated to determine whether the latter can be used as a proxy for climate variability.</subfield>
   </datafield>
   <datafield tag="653" ind2=" " ind1=" ">
      <subfield code="a">Àrees temàtiques de la UPC::Enginyeria civil::Enginyeria hidràulica, marítima i sanitària::Ports i costes</subfield>
   </datafield>
   <datafield tag="653" ind2=" " ind1=" ">
      <subfield code="a">Àrees temàtiques de la UPC::Enginyeria civil::Impacte ambiental</subfield>
   </datafield>
   <datafield tag="653" ind2=" " ind1=" ">
      <subfield code="a">Water waves</subfield>
   </datafield>
   <datafield tag="653" ind2=" " ind1=" ">
      <subfield code="a">Climatic changes</subfield>
   </datafield>
   <datafield tag="653" ind2=" " ind1=" ">
      <subfield code="a">Ones d'aigua</subfield>
   </datafield>
   <datafield tag="653" ind2=" " ind1=" ">
      <subfield code="a">Canvis climàtics</subfield>
   </datafield>
   <datafield ind2="0" ind1="0" tag="245">
      <subfield code="a">Análisis de la evolución (tendencias) del oleaje en la costa Catalana y golfo de Valencia como proxy de la variabilidad climática</subfield>
   </datafield>
</record></metadata></record></GetRecord></OAI-PMH>